000 00957nam a22002773i 4500
001 BDZ0056074902
003 StDuBDS
005 20250318131621.0
007 cr||||||||||||
008 240914s2024 enk go 000|0 eng d
020 _a9798223561743 :
_c4.49
040 _aStDuBDS
_beng
_erda
_cStDuBDS
100 1 _aDon, Briscoe,
_eauthor.
245 1 0 _aSocial Media Marketing 101 for Real Estate Agents /
_cBriscoe Don.
264 1 _a[Place of publication not identified] :
_bDistributed via Smashwords,
_c2024.
300 _a1 online resource
336 _atext
_2rdacontent
337 _aunmediated
_2rdamedia
338 _avolume
_2rdacarrier
366 _b20240912
_cAvailable
650 _aEBOOK
650 _aSOCIAL MEDIA
650 _aMARKETING
856 4 0 _uhttps://www.vlebooks.com/product/openreader?id=RICS&accId=9491556&isbn=9798223561743
_zAvailable on VLeBooks (email [email protected] if you do not have a login)
942 _2ddc
999 _c122127
_d122127